| 000 | 00780nam a2200277 4500 | ||
|---|---|---|---|
| 001 | 3599608 | ||
| 003 | OSt | ||
| 005 | 20230620142852.0 | ||
| 008 | 701109s1970 nyuab bs 001 0 eng | ||
| 010 | _a 70117450 | ||
| 020 | _a0393099628 | ||
| 040 |
_aDLC _cDLC _dDLC |
||
| 043 | _an-us--- | ||
| 050 | 0 | 0 |
_aJK1965 _b.B85 |
| 082 | 0 | 0 |
_a324/.73 _bBUR |
| 100 | 1 | _aBurnham, Walter Dean. | |
| 245 | 1 | 0 | _aCritical elections and the mainsprings of American politics. |
| 250 | _a[1st ed.] | ||
| 260 |
_aNew York, _bNorton _c[1970] |
||
| 300 |
_axii, 210 p. _billus., maps. _c22 cm. |
||
| 350 | _a$6.50 | ||
| 504 | _aIncludes bibliographical references. | ||
| 650 | 0 |
_aElections _zUnited States _xHistory. |
|
| 906 |
_a7 _bcbc _corignew _d2 _encip _f19 _gy-gencatlg |
||
| 942 |
_2ddc _cBK |
||
| 999 |
_c1785 _d1785 |
||